01383nam a22001937i 4500003000900000008004100009020002200050040007100072082002500143100003600168245007700204260006100281300003000342505075700372650001101129650001801140650001501158650001601173AR-CdUCM241028b20172017 pe||||| |||| 00| 0 spa d a978-612-4329-13-5 aMUNICIPALIDAD PROVINCIAL DEL CUSCOcBIBLIOTECA MUNICIPAL DEL CUSCO a327.85091 / P59bP59 aPinto-Bazurco Rittler, Ernesto  aDiplomacia por la libertad : bTestimonio confidencial de un embajador / aLima : c2017 bFondo Editorial del Congreso del Perú  a402 páginas. : c23 cm  aUna Isla a la deriva -- El hundimiento de una nave ha sido, desde antiguo, motivo para la declaración de guerra -- Naciones unidas: encuentro cubano-peruano -- Instrucciones especiales -- Sin el SIN(servicio de inteligencia del Perú) -- La isla bella ... y sus automóviles -- Se veía venir tiempos difíciles -- Las utopías en el poder -- Ángel Gálvez ¿policía o desertor? -- La presión por el éxodo. Antes del estallido -- En la soledad, lo tan esperado que nunca llegó -- La muerte está rodando -- En saber decidir sobre la vida y la muerte de otros radica el poder -- Invasión a la embajada o éxodo masivo hacia la misión diplomática -- Aún más allá de Cuba y los sucesos -- El destino estuvo de mi parte  aGuerra aInstrucciones aPresión  aEstrategias